[Event "London Classic op"]
[Site "London"]
[Date "2017.12.05"]
[Round "5"]
[White "Rysbayeva, Aigerim"]
[Black "Sellmair, Reinhard"]
[Result "1/2-1/2"]
[WhiteElo "2118"]
[BlackElo "1936"]
[PlyCount "82"]
[EventDate "2017.12.02"]
[EventType "swiss"]
[EventRounds "9"]
[EventCountry "ENG"]
[SourceTitle "CBM 182 Extra"]
[Source "ChessBase"]
[SourceDate "2018.02.23"]
[SourceVersion "1"]
[SourceVersionDate "2018.02.23"]
[SourceQuality "1"]

1. e4 e6 2. d4 d5 3. Nd2 Nf6 4. e5 Nfd7 5. Bd3 c5 6. c3 Nc6 7. Ne2 cxd4 8. cxd4 f6 9. exf6 Nxf6 10. Nf3 Bd6 11. 0-0 Qc7 12. Bg5 0-0 13. Bh4 Nh5 14. Qc2 h6 15. Bh7+ Kh8 16. Bg6 Rxf3 17. Bxh5 Bxh2+ 18. Kh1 Rf5 19. Bg6 Bd6 20. Bxf5 exf5 21. f4 Qf7 22. Rf3 Bd7 23. Bf2 Re8 24. Nc3 Ne7 25. Re1 g5 26. Bg3 Rg8 27. fxg5 f4 28. Bxf4 Bxf4 29. Rxf4 Qxf4 30. Rxe7 Bf5 31. Qe2 Qh4+ 32. Kg1 Qxd4+ 33. Qf2 Qxf2+ 34. Kxf2 Rxg5 35. Nxd5 Bd3 36. Nf4 Ba6 37. Ke3 Rg7 38. Rxg7 Kxg7 39. Ne6+ Kf6 40. Nc5 Bf1 41. Kf2 Bc4 1/2-1/2

[Event "Bayern-chI Bank Hofmann 21st"]
[Site "Tegernsee"]
[Date "2017.10.30"]
[Round "3"]
[White "Sellmair, Reinhard"]
[Black "Baldauf, Marco"]
[Result "0-1"]
[WhiteElo "1949"]
[BlackElo "2483"]
[PlyCount "88"]
[EventDate "2017.10.28"]
[EventType "swiss"]
[EventRounds "9"]
[EventCountry "GER"]
[SourceTitle "CBM 181 Extra"]
[Source "ChessBase"]
[SourceDate "2017.12.12"]
[SourceVersion "1"]
[SourceVersionDate "2017.12.12"]
[SourceQuality "1"]

1. e4 c5 2. Nf3 e6 3. d4 cxd4 4. Nxd4 Qb6 5. Nb3 Qc7 6. g3 Nf6 7. Bg2 a6 8. 0-0 d6 9. Be3 Nbd7 10. f4 Nb6 11. N1d2 Bd7 12. Nd4 e5 13. fxe5 dxe5 14. Nf5 h5 15. h3 g6 16. Nh4 Bg7 17. b3 Bc6 18. c4 Nbd7 19. b4 Nf8 20. Qb3 Ne6 21. Rae1 0-0 22. c5 Kh7 23. Qc2 Nd4 24. Bxd4 exd4 25. Kh2 Nd7 26. Nc4 Ne5 27. Nd6 Rad8 28. Nf3 Rxd6 29. cxd6 Qxd6 30. Qb3 Kg8 31. Rf2 Nxf3+ 32. Rxf3 Be5 33. Ref1 Qe7 34. R3f2 h4 35. Rd2 hxg3+ 36. Kh1 Kg7 37. a3 Rh8 38. Rc2 Bd7 39. Qd5 Qe6 40. Rc5 Rxh3+ 41. Kg1 Rh5 42. Qxb7 Rh2 43. Rxe5 Rxg2+ 44. Kxg2 Qh3+ 0-1

[Event "London Classic op 5th"]
[Site "London"]
[Date "2013.12.15"]
[Round "9"]
[White "Sellmair, Reinhard"]
[Black "Haria, Ravi"]
[Result "0-1"]
[WhiteElo "1988"]
[BlackElo "2160"]
[PlyCount "52"]
[EventDate "2013.12.07"]
[EventType "swiss"]
[EventRounds "9"]
[EventCountry "ENG"]
[SourceTitle "CBM 157 Extra"]
[Source "ChessBase"]
[SourceDate "2013.12.19"]
[SourceVersion "1"]
[SourceVersionDate "2013.12.19"]
[SourceQuality "1"]

1. e4 e6 2. d4 d5 3. Nc3 Nc6 4. e5 Nge7 5. Bg5 h6 6. Bxe7 Qxe7 7. a3 b6 8. f4 Bb7 9. Nf3 0-0-0 10. Bb5 g5 11. g3 gxf4 12. gxf4 h5 13. Qd2 Bh6 14. 0-0-0 f6 15. Ne2 a6 16. Bd3 fxe5 17. dxe5 Rhf8 18. h4 Na5 19. Ng5 Nc4 20. Qc3 Ne3 21. Rdg1 d4 22. Nxd4 Nd5 23. Qe1 Nxf4 24. Ne2 Nxd3+ 25. cxd3 Bxh1 26. Rxh1 Bxg5+ 0-1